000 00854cam a22002655i 4500
001 18723759
003 SISC
005 20160606094708.0
008 150731s2015 ph l 000 0 eng
010 _a 2015321344
020 _a9789712371493
040 _aDLC
_beng
_cDLC
_erda
_dDLC
042 _alcode
043 _aa-ph---
050 _aKPM 2832
_b.D582 2015
100 1 _aDimaampao, Japar B.,
_eauthor.
245 1 0 _aBasic approach to income taxation /
_cJapar B. Dimaampao, Associate Justice, Court of Appeals, Professor of Law, Bar Reviewer.
250 _a5th edition.
260 _aQuezon City :
_bRex Book Store,
_c2015.
300 _axxviii, 279 pages ;
_c23 cm.
546 _aIn English.
906 _a7
_bpar
_corigode
_d2
_encip
_f20
_gy-gencatlg
942 _2lcc
_cBK
999 _c295593
_d295593